| 000 | 00906cam a22002774a 4500 | ||
|---|---|---|---|
| 001 | SSB062059 | ||
| 003 | SISC | ||
| 005 | 20170302082015.0 | ||
| 008 | 090928s2010 ohua b 001 0 eng | ||
| 010 | _a2009937999 | ||
| 020 | _a9781133953197 | ||
| 040 |
_aDLC _cDLC |
||
| 050 | 0 | 0 |
_aHF 5548.8 _b.R251 2014 |
| 100 | 1 | _aReece, Barry L. | |
| 245 | 1 | 0 |
_aEffective human relations : _binterpersonal and organizational applications / _cBarry L. Reece, Rhonda Brandt, Karen F. Howie. |
| 250 | _a12th edition. | ||
| 260 |
_aMason, OH : _bSouth-Western Cengage Learning, _c2014. |
||
| 300 |
_axxiv, 424 pages : _billustrations ; _c26 cm. |
||
| 500 | _aIncludes bibliographical references and indexes. | ||
| 650 | 0 | _aPsychology, Industrial. | |
| 650 | 0 | _aInterpersonal relations. | |
| 650 | 0 | _aPersonnel management. | |
| 700 | 1 | _aBrandt, Rhonda. | |
| 700 | 1 | _aHowie, Karen F. | |
| 942 |
_2lcc _cBK _kFOR |
||
| 999 |
_c288975 _d288975 |
||